[Event "EUYCC 2024 U12"]
[Site "?"]
[Date "2024.08.12"]
[Round "8.3"]
[White "Corral Nehama, Leo"]
[Black "Fadeev, Justin Michael"]
[Result "1-0"]
[BlackElo "1762"]
[WhiteElo "1984"]
[LiveChessVersion "1.4.8"]

1. e4 {[%clk 1:30:22]} c5 {[%clk 1:30:42]} 2. c3 {[%clk 1:29:31]} Nf6
{[%clk 1:31:07]} 3. e5 {[%clk 1:29:44]} Nd5 {[%clk 1:31:33]} 4. d4
{[%clk 1:29:35]} cxd4 {[%clk 1:31:46]} 5. cxd4 {[%clk 1:30:02]} d6
{[%clk 1:32:11]} 6. Nf3 {[%clk 1:30:20]} Nc6 {[%clk 1:32:32]} 7. Bc4
{[%clk 1:30:04]} dxe5 {[%clk 1:32:30]} 8. dxe5 {[%clk 1:30:15]} Ndb4
{[%clk 1:32:50]} 9. Qxd8+ {[%clk 1:27:07]} Nxd8 {[%clk 1:33:05]} 10. Na3
{[%clk 1:27:32]} Be6 {[%clk 1:19:27]} 11. Bb5+ {[%clk 1:09:11]} Nbc6
{[%clk 1:15:41]} 12. Be3 {[%clk 0:57:22]} a6 {[%clk 1:13:13]} 13. Bd3
{[%clk 0:55:11]} Bd5 {[%clk 1:05:18]} 14. Ke2 {[%clk 0:45:03]} Bxf3+
{[%clk 1:00:25]} 15. gxf3 {[%clk 0:45:15]} Nxe5 {[%clk 1:00:40]} 16. Be4
{[%clk 0:45:28]} e6 {[%clk 0:56:26]} 17. f4 {[%clk 0:41:31]} Bxa3
{[%clk 0:53:02]} 18. bxa3 {[%clk 0:41:03]} Ng4 {[%clk 0:43:09]} 19. Bc5
{[%clk 0:29:30]} Nf6 {[%clk 0:41:17]} 20. Bf3 {[%clk 0:26:27]} Rc8
{[%clk 0:32:49]} 21. Rac1 {[%clk 0:26:02]} Nd5 {[%clk 0:30:03]} 22. Bxd5
{[%clk 0:21:13]} exd5 {[%clk 0:30:24]} 23. f5 {[%clk 0:19:23]} g6
{[%clk 0:20:11]} 24. Bd4 {[%clk 0:10:27]} Rxc1 {[%clk 0:20:02]} 25. Rxc1
{[%clk 0:10:56]} O-O {[%clk 0:18:57]} 26. Rb1 {[%clk 0:06:49]} b5
{[%clk 0:14:32]} 27. Rc1 {[%clk 0:06:47]} Re8+ {[%clk 0:13:31]} 28. Kd3
{[%clk 0:07:03]} Kf8 {[%clk 0:11:49]} 29. Bc5+ {[%clk 0:06:44]} Kg7
{[%clk 0:11:39]} 30. Bd4+ {[%clk 0:07:05]} Kf8 {[%clk 0:11:34]} 31. Rc5
{[%clk 0:06:24]} gxf5 {[%clk 0:10:40]} 32. Rxd5 {[%clk 0:06:47]} Ne6
{[%clk 0:10:42]} 33. Be3 {[%clk 0:06:56]} f4 {[%clk 0:08:35]} 34. Bd2
{[%clk 0:06:51]} f3 {[%clk 0:06:43]} 35. Be3 {[%clk 0:06:30]} Ke7
{[%clk 0:06:47]} 36. Ke4 {[%clk 0:06:23]} Rc8 {[%clk 0:06:27]} 37. Kxf3
{[%clk 0:06:26]} Rc2 {[%clk 0:06:34]} 38. Rd3 {[%clk 0:03:00]} Rxa2
{[%clk 0:04:33]} 39. Rc3 {[%clk 0:03:11]} Rb2 {[%clk 0:04:38]} 40. Ke4
{[%clk 0:03:22]} b4 {[%clk 0:04:33]} 41. axb4 {[%clk 0:03:42]} Rxb4+
{[%clk 0:04:54]} 42. Kd3 {[%clk 0:03:33]} a5 {[%clk 0:03:54]} 43. Rc6
{[%clk 0:02:42]} Rh4 {[%clk 0:03:17]} 44. Ra6 {[%clk 0:02:41]} a4
{[%clk 0:03:25]} 45. Ke2 {[%clk 0:01:40]} Rxh2 {[%clk 0:01:33]} 46. Rxa4
{[%clk 0:02:09]} Rg2 {[%clk 0:01:26]} 47. Kf3 {[%clk 0:02:30]} Rg7
{[%clk 0:01:25]} 48. Rh4 {[%clk 0:02:05]} Kf6 {[%clk 0:01:27]} 49. Rh6+
{[%clk 0:02:18]} Kf5 {[%clk 0:01:16]} 50. Rh5+ {[%clk 0:02:30]} Kf6
{[%clk 0:01:37]} 51. Ke4 {[%clk 0:02:14]} Rg4+ {[%clk 0:01:14]} 52. f4
{[%clk 0:02:14]} Rg7 {[%clk 0:01:24]} 53. f5 {[%clk 0:00:58]} Ng5+
{[%clk 0:00:35]} 54. Kf4 {[%clk 0:01:09]} Ne6+ {[%clk 0:00:42]} 55. fxe6 Kxe6 56.
Rh6+ {[%clk 0:00:49]} f6 {[%clk 0:00:48]} 57. Bd4 {[%clk 0:00:42]} Rf7
{[%clk 0:01:01]} 58. Ke4 {[%clk 0:00:51]} Ke7 {[%clk 0:00:50]} 59. Kf5
{[%clk 0:01:13]} Kd6 {[%clk 0:01:13]} 60. Bxf6 {[%clk 0:01:28]} Kd5
{[%clk 0:01:37]} 61. Rh2 {[%clk 0:01:28]} Rb7 {[%clk 0:01:49]} 62. Rd2+
{[%clk 0:01:53]} Kc6 {[%clk 0:01:54]} 63. Ke6 {[%clk 0:02:15]} Rb1
{[%clk 0:02:04]} 64. Rc2+ {[%clk 0:02:39]} Kb6 {[%clk 0:02:18]} 65. Bd4+
{[%clk 0:03:01]} Kb5 {[%clk 0:01:36]} 66. Kd5 {[%clk 0:03:26]} Rb3
{[%clk 0:01:29]} 67. Rc8 {[%clk 0:03:33]} Kb4 {[%clk 0:01:43]} 68. Rb8+
{[%clk 0:03:56]} Ka3 {[%clk 0:02:02]} 69. Ra8+ {[%clk 0:04:15]} Kb4
{[%clk 0:02:30]} 70. Ra7 {[%clk 0:04:30]} h5 {[%clk 0:02:38]} 71. Rc7
{[%clk 0:03:33]} h4 {[%clk 0:02:42]} 72. Bc5+ {[%clk 0:02:57]} Kc3
{[%clk 0:02:45]} 73. Rh7 {[%clk 0:03:25]} Rb1 {[%clk 0:02:43]} 74. Bd4+
{[%clk 0:03:31]} Kd3 {[%clk 0:02:39]} 75. Rxh4 {[%clk 0:03:54]} Rb8
{[%clk 0:02:45]} 76. Rh3+ {[%clk 0:04:18]} Ke2 {[%clk 0:03:01]} 77. Ke4
{[%clk 0:04:40]} Re8+ {[%clk 0:03:27]} 78. Be5 {[%clk 0:05:03]} Kd2
{[%clk 0:03:43]} 79. Rh2+ {[%clk 0:04:54]} Kc1 {[%clk 0:04:00]} 80. Ra2
{[%clk 0:04:45]} Kb1 {[%clk 0:04:11]} 81. Rh2 {[%clk 0:04:30]} Kc1
{[%clk 0:04:30]} 82. Kd4 {[%clk 0:04:52]} Rd8+ {[%clk 0:04:34]} 83. Kc3
{[%clk 0:05:10]} Rc8+ {[%clk 0:05:00]} 84. Kd3 {[%clk 0:05:37]} Rd8+
{[%clk 0:05:20]} 85. Bd4 Kb1 {[%clk 0:05:16]} 86. Rb2+ {[%clk 0:04:34]} Kc1
{[%clk 0:05:40]} 87. Ra2 {[%clk 0:04:45]} Rb8 {[%clk 0:05:50]} 88. Ra1+
{[%clk 0:05:10]} Rb1 {[%clk 0:06:13]} 89. Ra2 {[%clk 0:05:31]} Rb8
{[%clk 0:06:12]} 90. Rh2 {[%clk 0:05:00]} Kb1 {[%clk 0:04:21]} 91. Rh1+
{[%clk 0:05:05]} Ka2 {[%clk 0:04:44]} 92. Ra1+ {[%clk 0:05:33]} Kb3
{[%clk 0:05:13]} 93. Rb1+ 1-0

[Event "EUYCC 2024 U12"]
[Site "?"]
[Date "2024.08.12"]
[Round "8.4"]
[White "Sabou, Stefania Theodora"]
[Black "Kopecny, Filip"]
[Result "1/2-1/2"]
[BlackElo "2008"]
[WhiteElo "1781"]
[LiveChessVersion "1.4.8"]

1. c4 {[%clk 1:30:51]} c5 {[%clk 1:30:52]} 2. Nc3 {[%clk 1:31:10]} g6
{[%clk 1:31:10]} 3. g3 {[%clk 1:31:32]} Bg7 {[%clk 1:31:20]} 4. Bg2
{[%clk 1:31:55]} Nc6 {[%clk 1:31:42]} 5. e4 {[%clk 1:32:05]} d6 {[%clk 1:31:38]}
6. Nge2 {[%clk 1:31:59]} e6 {[%clk 1:31:55]} 7. O-O {[%clk 1:31:19]} Nge7
{[%clk 1:31:03]} 8. d3 {[%clk 1:30:56]} O-O {[%clk 1:31:03]} 9. Be3
{[%clk 1:28:52]} Nd4 {[%clk 1:31:23]} 10. Qd2 {[%clk 1:28:12]} Re8
{[%clk 1:30:47]} 11. Bg5 {[%clk 1:25:58]} Qd7 {[%clk 1:30:04]} 12. Nxd4
{[%clk 1:24:04]} cxd4 {[%clk 1:29:47]} 13. Ne2 {[%clk 1:23:34]} Nc6
{[%clk 1:27:27]} 14. b4 {[%clk 1:15:47]} b6 {[%clk 1:17:53]} 15. a3
{[%clk 1:11:41]} Bb7 {[%clk 1:12:31]} 16. Rae1 {[%clk 1:03:32]} d5
{[%clk 0:38:24]} 17. exd5 {[%clk 0:41:59]} exd5 {[%clk 0:36:54]} 18. c5
{[%clk 0:29:19]} bxc5 {[%clk 0:34:59]} 19. bxc5 {[%clk 0:29:44]} Rac8
{[%clk 0:34:02]} 20. Nc1 {[%clk 0:27:19]} Ne5 {[%clk 0:33:17]} 21. Qa5
{[%clk 0:25:10]} a6 {[%clk 0:29:27]} 22. Bf4 {[%clk 0:22:52]} f6 {[%clk 0:19:54]}
23. Rd1 {[%clk 0:20:18]} Bc6 {[%clk 0:19:01]} 24. Na2 {[%clk 0:13:44]} Bb5
{[%clk 0:18:45]} 25. Nb4 {[%clk 0:13:10]} Rxc5 {[%clk 0:17:36]} 26. Bxe5
{[%clk 0:12:29]} fxe5 {[%clk 0:17:36]} 27. a4 {[%clk 0:12:38]} Qd6
{[%clk 0:12:48]} 28. Bxd5+ {[%clk 0:11:57]} Kh8 {[%clk 0:12:27]} 29. axb5
{[%clk 0:09:14]} Rxb5 {[%clk 0:12:51]} 30. Qxa6 {[%clk 0:09:24]} Qxb4
{[%clk 0:13:08]} 31. Be4 {[%clk 0:09:27]} 1/2-1/2

[Event "EUYCC 2024 U12"]
[Site "?"]
[Date "2024.08.12"]
[Round "8.5"]
[White "Velim, Vojtech"]
[Black "Duchatel, Cyrielle"]
[Result "0-1"]
[BlackElo "1636"]
[WhiteElo "1926"]
[LiveChessVersion "1.4.8"]

1. Nf3 {[%clk 1:30:58]} d5 {[%clk 1:30:34]} 2. e3 {[%clk 1:31:23]} e6
{[%clk 1:30:44]} 3. c4 {[%clk 1:31:30]} Nf6 {[%clk 1:30:45]} 4. Nc3
{[%clk 1:31:54]} Be7 {[%clk 1:30:32]} 5. b3 {[%clk 1:32:16]} O-O {[%clk 1:30:36]}
6. Bb2 {[%clk 1:32:27]} c5 {[%clk 1:30:31]} 7. cxd5 {[%clk 1:32:42]} Nxd5
{[%clk 1:29:50]} 8. Qc2 {[%clk 1:33:06]} Nc6 {[%clk 1:29:18]} 9. h4
{[%clk 1:32:07]} b6 {[%clk 1:27:02]} 10. a3 {[%clk 1:32:20]} Bb7 {[%clk 1:20:13]}
11. Ng5 {[%clk 1:07:36]} g6 {[%clk 1:17:01]} 12. Nce4 {[%clk 1:06:02]} e5
{[%clk 1:01:44]} 13. Bc4 {[%clk 1:00:48]} a6 {[%clk 0:54:34]} 14. Be2
{[%clk 0:32:53]} f5 {[%clk 0:40:12]} 15. Ne6 {[%clk 0:30:51]} Qc8
{[%clk 0:40:36]} 16. Nxf8 {[%clk 0:31:07]} fxe4 {[%clk 0:40:46]} 17. Nxg6
{[%clk 0:30:43]} hxg6 {[%clk 0:40:31]} 18. Qxe4 {[%clk 0:30:54]} Qe6
{[%clk 0:40:41]} 19. Bc4 {[%clk 0:27:26]} Rd8 {[%clk 0:37:45]} 20. f4
{[%clk 0:24:00]} Bf6 {[%clk 0:36:02]} 21. Qxg6+ {[%clk 0:24:04]} Kf8
{[%clk 0:35:49]} 22. e4 {[%clk 0:24:06]} Bxh4+ {[%clk 0:35:53]} 23. Kd1
{[%clk 0:19:08]} Qxg6 {[%clk 0:36:13]} 24. exd5 {[%clk 0:19:21]} Nd4
{[%clk 0:36:13]} 25. Bxd4 {[%clk 0:19:35]} exd4 {[%clk 0:36:28]} 26. Rxh4
{[%clk 0:19:35]} Qxg2 {[%clk 0:36:29]} 27. Kc2 {[%clk 0:19:22]} Bxd5
{[%clk 0:35:10]} 28. Rh8+ {[%clk 0:14:57]} Ke7 {[%clk 0:35:21]} 29. Re1+
{[%clk 0:15:00]} Kd7 {[%clk 0:34:58]} 30. Rh7+ {[%clk 0:15:06]} Kc6
{[%clk 0:34:53]} 31. Bd3 {[%clk 0:13:10]} Qf3 {[%clk 0:34:26]} 32. f5
{[%clk 0:12:53]} Bxb3+ {[%clk 0:34:33]} 0-1

[Event "EUYCC 2024 U12"]
[Site "?"]
[Date "2024.08.12"]
[Round "8.6"]
[White "Meszaros-Csonka, David"]
[Black "Bannoura, Daniel"]
[Result "1-0"]
[BlackElo "1483"]
[WhiteElo "1932"]
[LiveChessVersion "1.4.8"]

1. d4 {[%clk 1:30:36]} d5 {[%clk 1:30:35]} 2. Bf4 {[%clk 1:30:59]} c5
{[%clk 1:30:12]} 3. e3 {[%clk 1:31:24]} Nc6 {[%clk 1:30:05]} 4. c3
{[%clk 1:31:48]} Qb6 {[%clk 1:29:58]} 5. Qb3 {[%clk 1:32:00]} c4 6. Qc2
{[%clk 1:31:59]} Nf6 {[%clk 1:30:15]} 7. Nd2 {[%clk 1:32:11]} Qd8
{[%clk 1:25:11]} 8. e4 {[%clk 1:32:19]} g6 {[%clk 1:22:18]} 9. Ngf3
{[%clk 1:17:42]} b5 {[%clk 1:19:07]} 10. a4 {[%clk 1:09:11]} b4 {[%clk 1:16:51]}
11. exd5 {[%clk 0:58:33]} Nxd5 {[%clk 1:14:53]} 12. Be5 {[%clk 0:55:51]} f6
{[%clk 1:13:55]} 13. Bg3 {[%clk 0:55:58]} Bf5 {[%clk 1:13:31]} 14. Qc1
{[%clk 0:55:56]} bxc3 {[%clk 1:05:42]} 15. bxc3 {[%clk 0:53:35]} Na5
{[%clk 1:00:27]} 16. Bxc4 {[%clk 0:37:18]} Nxc4 {[%clk 0:59:17]} 17. Nxc4
{[%clk 0:37:24]} Rc8 {[%clk 0:59:28]} 18. Qb2 {[%clk 0:31:18]} a6
{[%clk 0:56:42]} 19. Ncd2 {[%clk 0:26:20]} Bd3 {[%clk 0:53:29]} 20. c4
{[%clk 0:23:02]} Qb6 {[%clk 0:48:14]} 21. Qxb6 {[%clk 0:22:37]} Nxb6
{[%clk 0:48:19]} 22. Ra3 {[%clk 0:10:57]} Bxc4 {[%clk 0:39:40]} 23. Nxc4
{[%clk 0:09:02]} Nxc4 {[%clk 0:40:02]} 24. Rc3 {[%clk 0:07:45]} e6
{[%clk 0:39:58]} 25. Ke2 {[%clk 0:06:58]} Bb4 {[%clk 0:38:49]} 26. Rc2
{[%clk 0:06:32]} O-O {[%clk 0:36:19]} 27. Rhc1 {[%clk 0:05:34]} Ba3
{[%clk 0:36:17]} 28. Rb1 {[%clk 0:05:33]} a5 {[%clk 0:34:50]} 29. Rb7
{[%clk 0:04:38]} Bb4 {[%clk 0:34:07]} 30. Kd3 {[%clk 0:02:28]} e5
{[%clk 0:31:52]} 31. dxe5 {[%clk 0:02:35]} fxe5 {[%clk 0:32:12]} 32. Ng5
{[%clk 0:02:07]} Na3 {[%clk 0:29:26]} 33. Rxc8 {[%clk 0:01:29]} Rxc8
{[%clk 0:29:43]} 34. Bxe5 {[%clk 0:01:32]} Rd8+ {[%clk 0:26:41]} 35. Ke4
{[%clk 0:01:33]} Nc4 {[%clk 0:24:05]} 36. Rg7+ {[%clk 0:01:39]} Kf8
{[%clk 0:23:35]} 37. Ne6+ {[%clk 0:01:59]} Ke8 {[%clk 0:23:41]} 38. Rg8+
{[%clk 0:01:06]} Kf7 {[%clk 0:23:11]} 39. Rxd8 {[%clk 0:01:26]} Be7
{[%clk 0:23:10]} 40. Rd4 {[%clk 0:00:47]} Nxe5 {[%clk 0:23:04]} 41. Kxe5
{[%clk 0:01:10]} Bf6+ {[%clk 0:23:21]} 42. Kd5 {[%clk 0:01:37]} Bxd4
{[%clk 0:23:37]} 43. Nxd4 {[%clk 0:02:04]} h5 {[%clk 0:23:57]} 44. Nc6
{[%clk 0:02:26]} g5 {[%clk 0:24:15]} 45. Nxa5 {[%clk 0:02:39]} g4
{[%clk 0:24:19]} 1-0

[Event "EUYCC 2024 U12"]
[Site "?"]
[Date "2024.08.12"]
[Round "8.7"]
[White "Vancakova, Veronika"]
[Black "Janouskova, Eliska"]
[Result "1-0"]
[BlackElo "1672"]
[WhiteElo "1776"]
[LiveChessVersion "1.4.8"]

1. d4 {[%clk 1:30:58]} d5 {[%clk 1:30:32]} 2. Nf3 {[%clk 1:31:22]} e6
{[%clk 1:30:52]} 3. c4 {[%clk 1:31:46]} c6 {[%clk 1:31:11]} 4. Nc3
{[%clk 1:32:08]} f5 {[%clk 1:31:36]} 5. Bf4 {[%clk 1:31:51]} Nf6 {[%clk 1:31:09]}
6. h3 {[%clk 1:31:45]} Bd6 {[%clk 1:28:32]} 7. e3 {[%clk 1:31:33]} Bxf4
{[%clk 1:26:27]} 8. exf4 {[%clk 1:31:54]} O-O {[%clk 1:26:15]} 9. Bd3
{[%clk 1:31:14]} Ne4 {[%clk 1:24:15]} 10. O-O {[%clk 1:26:28]} Nd7
{[%clk 1:19:41]} 11. Ne2 {[%clk 1:21:45]} Ndf6 {[%clk 1:16:27]} 12. Qc2
{[%clk 1:13:42]} Qc7 {[%clk 1:08:59]} 13. Rfc1 {[%clk 1:07:19]} Bd7
{[%clk 1:06:04]} 14. b4 {[%clk 1:06:34]} b6 {[%clk 0:59:24]} 15. Ne5
{[%clk 0:58:29]} Rac8 {[%clk 0:52:52]} 16. cxd5 {[%clk 0:50:11]} exd5
{[%clk 0:51:13]} 17. Ba6 {[%clk 0:48:54]} Rce8 {[%clk 0:45:51]} 18. Nxd7
{[%clk 0:39:20]} Nxd7 {[%clk 0:43:02]} 19. Bb5 {[%clk 0:32:19]} Nb8
{[%clk 0:33:25]} 20. Bxc6 {[%clk 0:27:31]} Nxc6 {[%clk 0:32:48]} 21. Qxc6
{[%clk 0:27:47]} Qxc6 {[%clk 0:30:19]} 22. Rxc6 {[%clk 0:28:12]} Re7
{[%clk 0:27:17]} 23. Rd1 {[%clk 0:15:33]} Rd8 {[%clk 0:23:14]} 24. Nc1
{[%clk 0:14:24]} Kf8 {[%clk 0:17:46]} 25. Nd3 {[%clk 0:14:32]} g6
{[%clk 0:15:21]} 26. Ne5 {[%clk 0:14:42]} Kg7 {[%clk 0:14:18]} 27. Rdc1
{[%clk 0:13:25]} Nd6 {[%clk 0:09:45]} 28. a4 {[%clk 0:10:40]} Nf7
{[%clk 0:04:35]} 29. Rc7 {[%clk 0:10:21]} Rde8 {[%clk 0:04:25]} 30. h4
{[%clk 0:06:11]} Kg8 {[%clk 0:02:54]} 31. R7c6 {[%clk 0:04:36]} Rd8
{[%clk 0:02:38]} 32. Kf1 {[%clk 0:04:36]} Kf8 {[%clk 0:02:06]} 33. Rc7
{[%clk 0:04:05]} Rde8 {[%clk 0:01:30]} 34. b5 {[%clk 0:02:21]} Nd6
{[%clk 0:01:01]} 35. f3 {[%clk 0:02:34]} Kg8 {[%clk 0:00:43]} 36. Kf2
{[%clk 0:02:15]} Kf8 {[%clk 0:00:52]} 37. Rxe7 {[%clk 0:02:25]} Rxe7
{[%clk 0:01:15]} 38. Rc6 {[%clk 0:02:47]} Nb7 {[%clk 0:01:17]} 39. Rc8+
{[%clk 0:01:24]} Kg7 {[%clk 0:01:26]} 40. Nc6 {[%clk 0:01:40]} Rd7
{[%clk 0:01:21]} 41. Nxa7 {[%clk 0:01:10]} Nd6 {[%clk 0:01:28]} 42. Ra8
{[%clk 0:01:32]} Rc7 {[%clk 0:01:26]} 43. Nc6 {[%clk 0:01:49]} Kf6
{[%clk 0:01:06]} 44. Ke2 {[%clk 0:00:49]} Rd7 {[%clk 0:00:46]} 45. Kd3
{[%clk 0:00:48]} Nc4 {[%clk 0:00:45]} 46. Ne5 {[%clk 0:00:44]} Rc7 47. Nc6
{[%clk 0:00:50]} Rd7 {[%clk 0:00:52]} 48. Ra6 {[%clk 0:01:04]} Rb7
{[%clk 0:00:48]} 49. Ne5 {[%clk 0:01:08]} Nd6 {[%clk 0:01:07]} 50. Nd7+
{[%clk 0:01:08]} Rxd7 {[%clk 0:01:23]} 51. Rxb6 {[%clk 0:01:33]} Ke7
{[%clk 0:01:44]} 52. a5 {[%clk 0:00:58]} Nc4 {[%clk 0:01:47]} 53. Ra6
{[%clk 0:01:23]} Rb7 {[%clk 0:01:31]} 54. b6 {[%clk 0:01:42]} Kd6
{[%clk 0:01:21]} 55. Kc3 {[%clk 0:01:50]} Kc6 {[%clk 0:01:34]} 56. Kb4
{[%clk 0:01:48]} Nd6 {[%clk 0:00:55]} 57. Ra8 {[%clk 0:00:42]} Rd7
{[%clk 0:00:39]} 58. Ra6 {[%clk 0:00:39]} Rb7 {[%clk 0:00:59]} 59. g3
{[%clk 0:00:58]} Nc4 {[%clk 0:01:08]} 60. Ra8 {[%clk 0:01:16]} Nd6
{[%clk 0:01:19]} 61. Ra7 {[%clk 0:01:02]} Ne8 {[%clk 0:00:39]} 62. Rxb7
{[%clk 0:00:48]} Kxb7 {[%clk 0:01:08]} 63. Kb5 {[%clk 0:01:11]} Nd6+
{[%clk 0:00:44]} 64. Kc5 {[%clk 0:01:25]} Nc4 {[%clk 0:00:51]} 65. Kxd5
{[%clk 0:01:12]} Nxa5 {[%clk 0:01:16]} 66. h5 {[%clk 0:00:40]} Kxb6
{[%clk 0:01:17]} 67. hxg6 {[%clk 0:01:06]} hxg6 {[%clk 0:01:43]} 68. Ke6
{[%clk 0:01:28]} Nc6 {[%clk 0:00:59]} 69. d5 {[%clk 0:00:52]} Nb8
{[%clk 0:00:49]} 70. Kf6 {[%clk 0:00:48]} Kc5 {[%clk 0:01:09]} 71. Kxg6
{[%clk 0:01:15]} Kxd5 {[%clk 0:01:29]} 72. Kxf5 {[%clk 0:01:41]} Nc6
{[%clk 0:01:39]} 73. g4 {[%clk 0:01:40]} Nd4+ {[%clk 0:01:29]} 74. Kf6
{[%clk 0:02:05]} Nxf3 {[%clk 0:00:41]} 75. g5 {[%clk 0:02:18]} Nd4
{[%clk 0:00:39]} 76. g6 {[%clk 0:02:31]} Ne6 {[%clk 0:00:54]} 77. f5
{[%clk 0:02:53]} Nc5 {[%clk 0:01:09]} 78. g7 {[%clk 0:03:07]} Ne4+
{[%clk 0:01:27]} 79. Kg6 {[%clk 0:03:23]} 1-0

[Event "EUYCC 2024 U12"]
[Site "?"]
[Date "2024.08.12"]
[Round "8.8"]
[White "Dabrowska, Ewa"]
[Black "Janaszak, Amelia"]
[Result "1-0"]
[BlackElo "1424"]
[WhiteElo "1515"]
[LiveChessVersion "1.4.8"]

1. d4 {[%clk 1:30:58]} e6 {[%clk 1:30:40]} 2. Bf4 {[%clk 1:31:15]} d5
{[%clk 1:30:47]} 3. Nc3 {[%clk 1:31:24]} Bd6 {[%clk 1:28:56]} 4. Bxd6
{[%clk 1:29:45]} Qxd6 {[%clk 1:28:13]} 5. Nf3 {[%clk 1:28:36]} Nf6
{[%clk 1:25:12]} 6. e3 {[%clk 1:25:47]} a6 {[%clk 1:21:47]} 7. Bd3
{[%clk 1:23:11]} Nc6 {[%clk 1:18:02]} 8. a3 {[%clk 1:20:01]} e5 {[%clk 1:13:35]}
9. dxe5 {[%clk 1:14:36]} Nxe5 {[%clk 1:13:49]} 10. Nxe5 {[%clk 1:14:13]} Qxe5
{[%clk 1:13:37]} 11. Qe2 {[%clk 1:09:03]} Bf5 {[%clk 1:10:00]} 12. O-O-O
{[%clk 1:02:14]} O-O-O {[%clk 1:09:07]} 13. h3 {[%clk 0:54:20]} Bg6
{[%clk 0:55:01]} 14. Na4 {[%clk 0:43:04]} Bxd3 {[%clk 0:39:05]} 15. Qxd3
{[%clk 0:39:34]} Rd6 {[%clk 0:32:34]} 16. Nc5 {[%clk 0:29:57]} Rhd8
{[%clk 0:27:40]} 17. Qb3 {[%clk 0:24:58]} Rb6 {[%clk 0:26:05]} 18. Qa2
{[%clk 0:23:09]} Qf5 {[%clk 0:21:01]} 19. Rhf1 {[%clk 0:20:45]} Ne4
{[%clk 0:17:43]} 20. Nd3 {[%clk 0:17:31]} Nf6 {[%clk 0:16:52]} 21. a4
{[%clk 0:15:21]} h6 {[%clk 0:10:57]} 22. Qa3 {[%clk 0:13:43]} Qe6
{[%clk 0:10:27]} 23. Qc5 {[%clk 0:12:09]} Ne4 {[%clk 0:07:58]} 24. Qd4
{[%clk 0:10:49]} f6 {[%clk 0:07:39]} 25. Nf4 {[%clk 0:08:59]} Qe8
{[%clk 0:07:09]} 26. Nxd5 {[%clk 0:07:21]} Rbd6 {[%clk 0:06:39]} 27. Qc4
{[%clk 0:07:00]} Rc6 {[%clk 0:05:53]} 28. Qb4 {[%clk 0:06:28]} Qe6
{[%clk 0:05:29]} 29. Ne7+ {[%clk 0:05:46]} Kb8 {[%clk 0:05:14]} 30. Nxc6+
{[%clk 0:05:47]} Qxc6 {[%clk 0:05:19]} 31. Rxd8+ {[%clk 0:06:09]} Ka7
{[%clk 0:05:38]} 32. Qd4+ {[%clk 0:06:06]} b6 {[%clk 0:05:50]} 33. Qd5
{[%clk 0:05:31]} Qxd5 {[%clk 0:06:00]} 34. Rxd5 {[%clk 0:06:00]} g5
{[%clk 0:06:19]} 35. Rd7 {[%clk 0:05:50]} Kb7 {[%clk 0:06:39]} 36. Rh7
{[%clk 0:06:06]} h5 {[%clk 0:06:56]} 37. Rxh5 {[%clk 0:06:28]} a5
{[%clk 0:07:19]} 38. h4 {[%clk 0:06:30]} gxh4 {[%clk 0:07:41]} 39. Rxh4
{[%clk 0:06:54]} f5 {[%clk 0:08:07]} 40. Rxe4 {[%clk 0:07:19]} 1-0

[Event "EUYCC 2024 U12"]
[Site "?"]
[Date "2024.08.12"]
[Round "8.9"]
[White "Zvolanek, Vojtech"]
[Black "Sweetman, Hugo"]
[Result "0-1"]
[BlackElo "1493"]
[WhiteElo "1601"]
[LiveChessVersion "1.4.8"]

1. e4 {[%clk 1:30:50]} e5 {[%clk 1:30:46]} 2. Nf3 {[%clk 1:30:50]} Nf6
{[%clk 1:31:04]} 3. Nxe5 {[%clk 1:30:38]} d6 {[%clk 1:31:26]} 4. Nf3
{[%clk 1:30:30]} Nxe4 {[%clk 1:31:45]} 5. Nc3 {[%clk 1:30:23]} Nxc3
{[%clk 1:32:03]} 6. dxc3 {[%clk 1:30:39]} Be7 {[%clk 1:32:13]} 7. Be3
{[%clk 1:28:19]} Be6 {[%clk 1:29:49]} 8. Qd2 {[%clk 1:27:12]} Nd7
{[%clk 1:29:33]} 9. Nd4 {[%clk 1:24:12]} Nc5 {[%clk 1:26:20]} 10. Nxe6
{[%clk 1:21:41]} Nxe6 {[%clk 1:26:39]} 11. O-O-O {[%clk 1:19:55]} Qd7
{[%clk 1:25:59]} 12. Bd3 {[%clk 1:17:07]} Qa4 {[%clk 1:23:12]} 13. Kb1
{[%clk 1:13:48]} O-O-O {[%clk 1:20:56]} 14. f4 {[%clk 1:12:02]} Kb8
{[%clk 1:19:37]} 15. Rhe1 {[%clk 1:08:02]} Bf8 {[%clk 1:18:03]} 16. Be2
{[%clk 1:07:26]} g6 {[%clk 1:13:16]} 17. g4 {[%clk 1:05:20]} Bh6 {[%clk 1:07:35]}
18. g5 {[%clk 0:59:04]} Bg7 {[%clk 1:07:46]} 19. Bg4 {[%clk 0:56:58]} Nxg5
{[%clk 1:00:01]} 20. b3 {[%clk 0:55:50]} Qc6 {[%clk 1:00:24]} 21. Qd5
{[%clk 0:20:48]} Qxd5 {[%clk 0:55:14]} 22. Rxd5 {[%clk 0:18:22]} Bxc3
{[%clk 0:53:37]} 23. Re2 {[%clk 0:17:53]} Ne6 {[%clk 0:53:19]} 24. Rd3
{[%clk 0:16:36]} Bg7 {[%clk 0:52:51]} 25. Bc1 {[%clk 0:16:27]} Rhe8
{[%clk 0:50:49]} 26. f5 {[%clk 0:14:50]} Nc5 {[%clk 0:48:37]} 27. Rdd2
{[%clk 0:14:27]} Rxe2 {[%clk 0:48:36]} 28. Rxe2 {[%clk 0:14:47]} Be5
{[%clk 0:48:50]} 29. fxg6 {[%clk 0:14:22]} fxg6 {[%clk 0:49:06]} 30. h3
{[%clk 0:14:18]} a6 {[%clk 0:48:16]} 31. Bg5 {[%clk 0:14:20]} Rf8
{[%clk 0:48:32]} 32. Re1 {[%clk 0:14:11]} h5 {[%clk 0:48:28]} 33. Be2
{[%clk 0:14:17]} Ne4 {[%clk 0:48:11]} 34. Bc1 {[%clk 0:13:47]} Nc3+
{[%clk 0:48:24]} 0-1

[Event "EUYCC 2024 U12"]
[Site "?"]
[Date "2024.08.12"]
[Round "8.10"]
[White "Skytte, Robert"]
[Black "Ochkova, Vasilena"]
[Result "1-0"]
[BlackElo "1587"]
[WhiteElo "1866"]
[LiveChessVersion "1.4.8"]

1. e4 {[%clk 1:30:57]} e5 {[%clk 1:30:54]} 2. Nf3 {[%clk 1:31:21]} Nc6
{[%clk 1:31:14]} 3. d4 {[%clk 1:31:44]} exd4 {[%clk 1:31:34]} 4. Nxd4
{[%clk 1:32:08]} Nf6 {[%clk 1:31:38]} 5. Nc3 {[%clk 1:32:00]} Bb4
{[%clk 1:31:43]} 6. Bg5 {[%clk 1:31:27]} O-O {[%clk 1:30:37]} 7. Nxc6
{[%clk 1:31:22]} bxc6 {[%clk 1:30:36]} 8. Bc4 {[%clk 1:30:08]} Bxc3+
{[%clk 1:21:55]} 9. bxc3 {[%clk 1:30:26]} Re8 {[%clk 1:13:10]} 10. Qd4
{[%clk 1:26:32]} Qe7 {[%clk 1:10:29]} 11. O-O {[%clk 1:02:51]} Qe5
{[%clk 0:54:52]} 12. Bxf6 {[%clk 1:02:19]} Qxf6 {[%clk 0:52:39]} 13. Rfe1
{[%clk 1:01:56]} Qxd4 {[%clk 0:43:24]} 14. cxd4 {[%clk 1:02:18]} d6
{[%clk 0:42:51]} 15. Rab1 {[%clk 1:02:11]} Be6 {[%clk 0:40:48]} 16. Bxe6
{[%clk 1:02:19]} fxe6 {[%clk 0:40:29]} 17. Rb7 {[%clk 1:02:43]} Rec8
{[%clk 0:39:14]} 18. e5 {[%clk 1:00:32]} d5 {[%clk 0:39:09]} 19. Re3
{[%clk 1:00:35]} Kf8 {[%clk 0:35:38]} 20. Rc3 {[%clk 1:00:23]} Rab8
{[%clk 0:35:39]} 21. Rcb3 {[%clk 1:00:31]} Ra8 {[%clk 0:35:55]} 22. f4
{[%clk 0:59:06]} Ke7 {[%clk 0:34:55]} 23. Rg3 {[%clk 0:59:16]} Kf7
{[%clk 0:21:04]} 24. Rc3 {[%clk 0:59:28]} Rab8 {[%clk 0:20:07]} 25. Rxa7
{[%clk 0:57:36]} Ra8 {[%clk 0:08:19]} 26. Rxa8 {[%clk 0:57:25]} Rxa8 27. Rxc6
{[%clk 0:57:51]} Ra7 {[%clk 0:08:44]} 28. a4 {[%clk 0:58:05]} Ke7
{[%clk 0:06:53]} 29. a5 {[%clk 0:58:13]} Kd7 {[%clk 0:06:15]} 30. Rc5
{[%clk 0:57:16]} c6 {[%clk 0:05:52]} 31. Kf2 {[%clk 0:57:32]} Kc7
{[%clk 0:05:18]} 32. Kf3 {[%clk 0:57:46]} Rb7 {[%clk 0:04:46]} 33. a6
{[%clk 0:57:56]} Ra7 {[%clk 0:04:40]} 34. Ra5 {[%clk 0:58:22]} g6
{[%clk 0:03:54]} 35. g4 {[%clk 0:58:44]} Kb6 {[%clk 0:03:44]} 36. Ra3
{[%clk 0:59:01]} Kc7 {[%clk 0:03:22]} 37. f5 {[%clk 0:59:22]} exf5
{[%clk 0:02:15]} 38. gxf5 {[%clk 0:59:48]} gxf5 {[%clk 0:02:34]} 39. Kf4
{[%clk 1:00:11]} Kd8 {[%clk 0:01:26]} 40. Kxf5 {[%clk 1:00:18]} Ke7
{[%clk 0:01:07]} 41. e6 {[%clk 1:00:27]} Kf8 {[%clk 0:00:49]} 42. Kf6
{[%clk 1:00:52]} Ke8 {[%clk 0:00:58]} 43. Rg3 {[%clk 1:00:57]} 1-0